[Event "Santiago CALF op"]
[Site "Santiago de Chile"]
[Date "2003.04.26"]
[Round "6.9"]
[White "Herrera, David"]
[Black "San Martin Alvarez, Albert"]
[Result "1-0"]
[WhiteElo "1871"]
[BlackElo "1969"]
[PlyCount "81"]
[EventDate "2003.??.??"]
[EventType "swiss"]
[EventRounds "9"]
[EventCountry "CHI"]
[SourceTitle "EXT 2004"]
[Source "ChessBase"]
[SourceDate "2003.11.25"]
[SourceVersion "1"]
[SourceVersionDate "2003.11.25"]
[SourceQuality "1"]

1. d4 Nf6 2. c4 g6 3. Nc3 d5 4. Nf3 Bg7 5. g3 0-0 6. Bg2 c6 7. 0-0 dxc4 8. e4 Nfd7 9. Qe2 Nb6 10. Be3 N8d7 11. Rad1 Qc7 12. Bf4 e5 13. dxe5 Nxe5 14. Nd4 Qe7 15. Nf3 Nxf3+ 16. Qxf3 h5 17. Bd6 Qg5 18. Bxf8 Bg4 19. Qf4 Qxf4 20. gxf4 Bxd1 21. Bxg7 Bg4 22. Bd4 Nd7 23. f3 Be6 24. Rd1 c5 25. Bf2 a6 26. Nd5 b5 27. Nc7 Ra7 28. Nxe6 fxe6 29. Bh3 Kf7 30. Rd6 Nf8 31. Bxc5 Rc7 32. Bb4 Ra7 33. f5 exf5 34. exf5 gxf5 35. Bxf5 a5 36. Bc3 b4 37. Bd4 Re7 38. Rf6+ Kg8 39. Kf2 Nh7 40. Rg6+ Kf8 41. Bc5 1-0

[Event "Santiago CALF op"]
[Site "Santiago de Chile"]
[Date "2003.??.??"]
[Round "4.4"]
[White "Herrera, David"]
[Black "Morales Gonzalez, Rodrigo"]
[Result "0-1"]
[WhiteElo "1871"]
[BlackElo "2086"]
[PlyCount "54"]
[EventDate "2003.??.??"]
[EventType "swiss"]
[EventRounds "9"]
[EventCountry "CHI"]
[SourceTitle "EXT 2004"]
[Source "ChessBase"]
[SourceDate "2003.11.25"]
[SourceVersion "1"]
[SourceVersionDate "2003.11.25"]
[SourceQuality "1"]

1. d4 Nf6 2. c4 g6 3. Nc3 Bg7 4. Bg5 c5 5. d5 Qa5 6. Bxf6 Bxf6 7. Rc1 Bxc3+ 8. Rxc3 Qxa2 9. Rc2 Na6 10. b4 Qa4 11. bxc5 Qb4+ 12. Rd2 Nxc5 13. f3 Nb3 14. e4 Qxd2+ 15. Qxd2 Nxd2 16. Kxd2 a5 17. Ne2 d6 18. Nc3 Bd7 19. Nb5 Bxb5 20. cxb5 b6 21. Bd3 Kd7 22. Re1 Rhc8 23. e5 dxe5 24. Rxe5 Kd6 25. Re3 Rc5 26. Ke2 a4 27. f4 a3 0-1